000 00389nam a2200133Ia 4500
005 20260328101507.0
008 260328s9999||||xx |||||||||||||| ||und||
100 _aBrown, Tim
245 0 _aChange by Design :
_b How Design thinking transforms organizations and inspire innovation /
_cTim Brown
260 _bHarper Business
300 _a264 p.
650 _aDISEÑO INDUSTRIAL
942 _cBK
999 _c9080
_d9080